000 00676nam a2200289Ia 4500
005 20260324121810.0
008 008 260324s9999 xx 000 0 eng d
020 _a9781315603049
037 _aEBOOK
040 _aCRL
040 _beng
040 _cCRL
041 _2eng
041 _aeng
084 _qCRL
100 _aJohn Encarnacao
_91163922
245 0 _aPunk Aesthetics and New Folk
245 0 _bWay Down the Old Plank Road
260 _bTaylor and Francis
260 _c2013
365 _a
365 _b255
856 _uhttp://www.taylorfrancis.com/books/9781315603049
942 _cEBOOK
999 _c1756238
_d1756238